Widok standardowy
Widok MARC
Pozycja Personal Name
Liczba rekordów, w których użyto hasła: 1
001 - Numer kontrolny
- control field: 39524
003 - Identyfikator numeru kontrolnego
- control field: NUKAT
005 - Data i czas ostatniej modyfikacji
- control field: 20260407123041.0
008 - Dane kontrolne kodowane (40 znaków)
- fixed length control field: 191003n||azznnbabn |a aaa |
010 ## - Numer kontrolny Biblioteki Kongresu
- numer kontrolny LC: p 2019066656
035 ## - Numer systemowy
- numer systemowy: (PL)a1000000698166
040 ## - Instytucja sporządzająca rekord
- inst. przygot. dane do rek. khw: WA N
- język haseł przedmiotowych/tezaurus: DBN
- inst. wprow. rek. khw: WA N
043 ## - Kod obszaru geograficznego
- ISO code: PL
046 ## - Special dates
- Birth date: 1896
- Death date: 1919
100 1# - Hasło - nazwa osobowa
- nazwa osobowa w formie ujednoliconej: Schaller, Kazimierz
- daty biograficzne: (1896-1919)
368 ## - Other Attributes
- Title of person: Order Wojenny Virtuti Militari
370 ## - Associated place
- Country: Polska
372 ## - Field of activity
- Field: Fotografia polska
374 ## - Occupation
- Occupation: Fotografowie polscy
374 ## - Occupation
- Occupation: Oficerowie
375 ## - Gender
- Gender: 1
- Source of term: iso5218
377 ## - Assoc lang
- Lang code: pol
670 ## - Źródło informacji
- źródło informacji: Tadeusz Rożek - oficer i fotograf / Zenon Harasym. - Wrocław ; Warszawa, 2019.
- gdzie znaleziono informację: Strony 79-92: (Kazimierz Schaller)